Makers of Indian literature / (Record no. 41491)

MARC details
000 -LEADER
fixed length control field 00778nam a22002297a 4500
005 - DATE AND TIME OF LATEST TRANSACTION
control field 20100813104822.0
010 ## - LCCN (DPL NO)
LC control number ENG-100110
020 ## - INTERNATIONAL STANDARD BOOK NUMBER
International Standard Book Number 8126026197
Terms of availability 40.00
020 ## - INTERNATIONAL STANDARD BOOK NUMBER
International Standard Book Number 9798126026196
Terms of availability 40.00
035 ## - SYSTEM CONTROL NUMBER
System control number EN-83642
037 ## - SOURCE OF ACQUISITION
Source of stock number/acquisition DBAD/PUB
082 ## - DEWEY DECIMAL CLASSIFICATION NUMBER
Classification number 883
100 ## - MAIN ENTRY--PERSONAL NAME
Personal name Vijayan, O V
245 ## - TITLE STATEMENT
Title Makers of Indian literature /
Statement of responsibility, etc by O V Vijayan [and] P P Raveendran
260 ## - PUBLICATION, DISTRIBUTION, ETC. (IMPRINT)
Place of publication, distribution, etc New Delhi
Name of publisher, distributor, etc Sahitya Akademi
Date of publication, distribution, etc 2009
270 ## - ADDRESS
Address Rabindra Bhavan, 35, Ferozeshah Road
City New Delhi
Postal code 110001
300 ## - PHYSICAL DESCRIPTION
Extent 96p.
Dimensions 21cm (pbk)
500 ## - GENERAL NOTE
General note Included bibliographical references
700 ## - ADDED ENTRY--PERSONAL NAME
Personal name P P Raveendran
9 (RLIN) 12154
942 ## - ADDED ENTRY ELEMENTS (KOHA)
Source of classification or shelving scheme Dewey Decimal Classification
Item type English Books
Classification part 883
Call number suffix VIJ
Holdings
Withdrawn status Lost status Not for loan Collection code Home library Current library Date acquired Source of acquisition Cost, normal purchase price Full call number Barcode Copy number Cost, replacement price Koha item type
    Not For Loan Non-fiction D.B.Act.Division D.B.Act.Division 13/08/2010 DBAD/PUB 40.00 883 VIJ EN-83642 1 40.00 English Books

© Delhi Public Library
Hit Counter
free hit counter